000 00540 a2200181 4500
001 144498
040 _cLeonardo Da Vinci
041 _aPortuguês
082 _a820 D784c
_bD784c
100 _aDOYLE, Sir Arthur Conan
245 _aSherlock Holmes
_bO cão dos Baskervilles
260 _bMelhoramentos
_c2003
_aSão Paulo
300 _a152 p.
362 _a200330000
500 _aAntonio Carlos Vilela (Tradução)
697 _aLiteratura
_aRomance
_aFicção inglesa
_aFicção policial
_aSuspense
_aMistério
_aInglaterra
942 _cBK
999 _c144498
_d144498